Catálogo público

Selección de aislados nativos de Trichoderma spp. y su actividad antagónica contra Fusarium oxysporumf. sp. cubense Raza 1 y Raza 2 en Musa spp/ (Record no. 220677)

MARC details
000 -CABECERA
campo de control de longitud fija 03931nam a2200337 a 4500
003 - IDENTIFICADOR DEL NÚMERO DE CONTROL
campo de control OSt
005 - FECHA Y HORA DE LA ÚLTIMA TRANSACCIÓN
campo de control 20250708113532.0
007 - CAMPO FIJO DE DESCRIPCIÓN FÍSICA--INFORMACIÓN GENERAL
campo de control de longitud fija cr ||||||a|a|a
008 - DATOS DE LONGITUD FIJA--INFORMACIÓN GENERAL
campo de control de longitud fija 250624s2025 mx a|||fom||| 001 0 spa d
040 ## - FUENTE DE LA CATALOGACIÓN
Normas de descripción rda
100 1# - ENTRADA PRINCIPAL--NOMBRE DE PERSONA
Nombre de persona Medina Muela, Karla Elizama
9 (RLIN) 190507
245 10 - MENCIÓN DE TÍTULO
Título Selección de aislados nativos de Trichoderma spp. y su actividad antagónica contra Fusarium oxysporumf. sp. cubense Raza 1 y Raza 2 en Musa spp/
Mención de responsabilidad, etc. por Karla Elizama Medina Muela; director de tesis Oscar Morales Galván; secretario Alva Priscilia Suaste Dzul; vocal José Manuel Pineda Rios; suplente Calixto Leopoldo Carrillo Fonseca; suplente Antonio Tafoya Razo.
264 #1 - PRODUCCIÓN, PUBLICACIÓN, DISTRIBUCIÓN, FABRICACIÓN Y COPYRIGHT
Producción, publicación, distribución, fabricación y copyright Chapingo, México :
Nombre del de productor, editor, distribuidor, fabricante El autor,
Fecha de producción, publicación, distribución, fabricación o copyright 2024.
300 ## - DESCRIPCIÓN FÍSICA
Extensión 1 recurso en línea (79 páginas):
Otras características físicas cuadros, figuras.
336 ## - TIPO DE CONTENIDO
Fuente rdacontent
Término de tipo de contenido texto
Código de tipo de contenido txt
337 ## - TIPO DE MEDIO
Fuente rdamedia
Nombre/término del tipo de medio computadora
Código del tipo de medio c
338 ## - TIPO DE SOPORTE
Fuente rdacarrier
Nombre/término del tipo de soporte recurso en línea
Código del tipo de soporte cr
502 ## - NOTA DE TESIS
Tipo de título Ingeniero Agrónomo Especialista en Parasitología Agrícola
Nombre de la institución que otorga el título Departamento de Enseñanza, Investigación y Servicio en Parasitología Agrícola,
Año de obtención del título 2024.
Información miscelánea Licenciatura
504 ## - NOTA DE BIBLIOGRAFÍA, ETC.
Nota de bibliografía, etc. Incluye referencias bibliográficas: páginas 65-78.
520 ## - SUMARIO, ETC.
Sumario, etc. El plátano (Musa spp. L.) es crucial para la economía y sociedad mundial, especialmente en México, siendo una gran fuente de empleo. Sin embargo, su producción está amenazada por la Marchitez de las musáceas, causada por el hongo Fusarium oxysporum f. sp. cubense (Foc). Las razas fisiológicas de Foc que afectan a plátanos y bananos incluyen la Raza 1, responsable de una de las epidemias más devastadoras en la década de 1950, la cual obligó al reemplazo del clon 'Gros Michel' por los clones 'Cavendish'. La Raza 2 (Foc R2) afecta principalmente a los plátanos de cocción del subgrupo Bluggoe (ABB). Actualmente, tanto Foc R1 como Foc R2 están presentes en el país, impactando diversas variedades cultivadas. La Raza 4 Tropical (Syn. Fusarium odoratissimum) se reconoce como la más destructiva, y su posible introducción agrava la situación. Una estrategia prometedora para el manejo de esta enfermedad es el uso de hongos antagonistas, como las especies del género Trichoderma spp., presentes en la rizósfera de bananos de manera adaptada y natural. El objetivo de esta investigación fue evaluar y seleccionar aislados nativos de Trichoderma spp., que provienen de la rizósfera de plátano del estado de Michoacán, con potencial antagónico contra F. oxysporum f. sp. cubense Raza 1 (Foc R1) y Raza 2 (Foc R2), dado que estas Razas están actualmente presentes en las zonas plataneras de México. Como parámetros de discriminación, se evaluaron la tasa de crecimiento y la capacidad esporulación de cada aislado nativo, así como la capacidad para inhibir el crecimiento de Foc R1 y Foc R2 mediante confrontaciones in vitro. Se seleccionaron cuatro aislados nativos de Trichoderma con altos porcentajes de inhibición: Trichoderma 25B.3 (65.25%) y 24B.3 (62.56%) contra Foc R1, mientras que para Foc R2, el aislado Trichoderma 22B.3 y 24B.3 presentaron inhibición de 68.81%; y 67.03%, respectivamente. Trichoderma aislado 25B.12 presentó la mayor capacidad de esporulación de conidios con 1.48×107 con/cm2. Estos resultados, en combinación con la selección de aislados de distintas regiones plataneras del país, proporcionan un enfoque más preciso para el manejo de la Marchitez de las musáceas causada por Foc.
650 #4 - PUNTO DE ACCESO ADICIONAL DE MATERIA--TÉRMINO DE MATERIA
Término de materia o nombre geográfico como elemento de entrada Trichoderma spp. como fungicida
9 (RLIN) 133923
650 #4 - PUNTO DE ACCESO ADICIONAL DE MATERIA--TÉRMINO DE MATERIA
Término de materia o nombre geográfico como elemento de entrada Fusarium oxysporum
Subdivisión general Control biológico
9 (RLIN) 131842
650 #4 - PUNTO DE ACCESO ADICIONAL DE MATERIA--TÉRMINO DE MATERIA
Término de materia o nombre geográfico como elemento de entrada Plátano
Subdivisión general enfermedades por hongos
9 (RLIN) 164496
700 1# - PUNTO DE ACCESO ADICIONAL--NOMBRE DE PERSONA
Nombre de persona Morales Galván, Oscar
Término indicativo de función/relación director de tesis.
9 (RLIN) 78271
700 1# - PUNTO DE ACCESO ADICIONAL--NOMBRE DE PERSONA
Nombre de persona Suaste Dzul, Alba Priscilia
9 (RLIN) 190711
Término indicativo de función/relación secretario.
700 1# - PUNTO DE ACCESO ADICIONAL--NOMBRE DE PERSONA
Nombre de persona Pineda Rios, José Manuel
9 (RLIN) 88174
Término indicativo de función/relación vocal.
700 0# - PUNTO DE ACCESO ADICIONAL--NOMBRE DE PERSONA
Nombre de persona Carrillo Fonseca, Calixto Leopoldo
9 (RLIN) 19482
Término indicativo de función/relación suplente.
700 1# - PUNTO DE ACCESO ADICIONAL--NOMBRE DE PERSONA
Nombre de persona Tafoya Razo, Antonio
Término indicativo de función/relación suplente.
9 (RLIN) 189427
856 ## - LOCALIZACIÓN Y ACCESO ELECTRÓNICOS
Identificador Uniforme del Recurso http://10.13.5.2/tesis/tl/1711664-8_MEDINA_MUELA_KARLAELIZAMA.pdf
Nota pública DESCARGAR PDF
942 ## - ELEMENTOS DE PUNTO DE ACCESO ADICIONAL (KOHA)
Fuente del sistema de clasificación o colocación Clasificación Universidad Autónoma Chapingo
Tipo de ítem Koha Tesis digital
Holdings
Estado de retiro Estado de pérdida Fuente del sistema de clasificación o colocación Estado dañado Restricciones de uso No para préstamo Código de colección Localización permanente Ubicación/localización actual Ubicación en estantería Fecha de adquisición Total de préstamos Signatura topográfica completa Fecha visto por última vez Precio válido a partir de Tipo de ítem Koha
    Clasificación Universidad Autónoma de Chapingo   Préstamo interno   Tesis digitales de Licenciatura Biblioteca Digital Biblioteca Digital En línea 24/06/2025   Tesis digital 24/06/2025 24/06/2025 Tesis digital